LEADER 01259nam a2200217 i 4500 001 000000255851 003 CaOOAMICUS 005 20200310113737.0 008 171020s1757 it u000 u ita u 013 $a234759 026 $atio- 65X. uifu Gr16 (3) 1757 (R) 040 $aSeMil$bita 245 10$a21: Continuazione dell'Italia o sia descrizione del Gran-Ducato di Toscana, della Repubblica di Lucca, e di una parte del dominio ecclesiastico. 300 $a[16], 672 p., [69] carte di tav. calcogr. :$bantip., ill., c. geogr. 500 $aSegn.: *8 A-2T8. 773 0 $aSalmon, Thomas <1679-1767>$tStato presente di tutti i paesi e popoli del mondo naturale, politico, e morale, con nuove osservazioni, e correzioni degli antichi, e moderni viaggiatori. ..$dIn Venezia : Presso Giambatista Albrizzi q. Gir., 1738-1766.$g21$w()5191 850 $aSeMil 852 $aSeMil$W1$xVenegono$y1$m3W I 80 FA$j206197$B206197$CSeMilBibl$Z2$F219606 $8I 852 $aSeMil$W1$xVenegono$y1$m3XB V 21 FA$j219212$B230957$CSeMilBibl$Z2$F230957 $8I 996 $6245$a21: Continuazione dell'Italia o sia descrizione del Gran-Ducato di Toscana, della Repubblica di Lucca, e di una parte del dominio ecclesiastico$9(OLS)http://semarc/title/411909 LEADER 00612naa a2200133 i 4500 001 000000321748 003 CaOOAMICUS 005 20180831173351.0 008 180831n xx u000 u fre u 013 $a31995 040 $aSeMil$bita 245 13$aLa lecture de la Bible hier et aujourd' hui :$betat de la question. 773 0 $aAssociation catholique française pour l'étude de la Bible$tNouvelles voies de l'exégèse.$dParis : Les Éditions du Cerf, 2002.$kLectio divina $z2-204-06932-9$gp.25-56$w()89309 996 $6245$aLa lecture de la Bible hier et aujourd' hui :$betat de la question$9(OLS)http://semarc/title/395292 LEADER 00622nam a2200169 i 4500 001 000000243014 003 CaOOAMICUS 005 20150622000000.0 008 150622s1835 it u000 u ita u 013 $a221919 040 $aSeMil$bita 245 10$aParte 6. 300 $a500, XLIV p. 773 0 $aPuente, Luis : de la $tMeditazioni del venerabile padre Ludovico Da Ponte della Compagnia di Gesù.$dTorino : Giacinto Marietti, 1835.$g6$w()32080 850 $aSeMil 852 $aSeMil$W1$xVenegono$y1$m3F II 349 FA$j193360$B193360$CSeMilBibl$Z2$F204149 $8I 996 $6245$aParte 6$9(OLS)http://semarc/title/186754 LEADER 00897nam a2200205 i 4500 001 000000051166 003 CaOOAMICUS 005 20100326000000.0 008 100326s1936 xx u000 u lat u 013 $a22338 040 $aSeMil$bita 100 1 $aTer Haar, Franciscus .$0(OLS)http://semarc/name/25156 245 10$aCasus conscientiae de praecipuis hujus aetatis vitiis eorumque remediis /$cFranciscus Ter Haar. 260 $aTaurini ; Romae :$bMarietti,$c1936. 300 $aVII, 201 p. ;$c23 cm. 650 4$aTeologia morale - Casi di coscienza.$0(OLS)http://semarc/subject/2481 850 $aSeMil 852 $aSeMil$W1$xVenegono$y1$m2F III 41$j17321$B17321$CSeMilBibl$Z2$F17322 $81 996 $6245$aCasus conscientiae de praecipuis hujus aetatis vitiis eorumque remediis$9(OLS)http://semarc/title/78291 996 $6260$aTaurini ; Romae :$bMarietti$9(OLS)http://semarc/publisher/30253 LEADER 01332nam a2200301 i 4500 001 000000144252 003 CaOOAMICUS 005 20051025000000.0 008 051025s1969 it u000 u ita u 013 $a119610 040 $aSeMil$bita 100 1 $aCanguilhem, Georges,$d<1904-1995>.$0(OLS)http://semarc/name/31463 240 12$aL'épistémologie historique de Gaston Bachelard.$0(OLS)http://semarc/title/210994 245 12$aL'epistemologia di Gaston Bachelard /$cscritti di G. Canguilhem e D. Lecourt ; [trad. di Riccardo Lanza , Marina Magni]. 260 $aMilano :$bJaca Book,$c[1969] 300 $a124 p. ;$c24 cm. 490 0 $aSaggi ;$v20 500 $aContiene: Bibliografia. 600 14$aBachelard, Gaston <1884-1962>.$0(OLS)http://semarc/subject/14364 700 1 $aMagni, Marina.$0(OLS)http://semarc/name/57716 700 1 $aLanza, Riccardo.$0(OLS)http://semarc/name/57715 700 1 $aLecourt, Dominique.$0(OLS)http://semarc/name/34870 830 0$aSaggi ;$v20.$0(OLS)http://semarc/title/341 850 $aSeMil 852 $aSeMil$W1$xVenegono$y1$m2P V 77$j97197$B97197$CSeMilBibl$Z2$F105374 $81 961 $aLascito: Corradi mons. Enrico 996 $6245$aL'epistemologia di Gaston Bachelard$9(OLS)http://semarc/title/210993 996 $6260$aMilano :$bJaca Book$9(OLS)http://semarc/publisher/29781 LEADER 01700nam a2200325 i 4500 001 000000150421 003 CaOOAMICUS 005 20060522000000.0 008 060522s2006 sz u000 u mul u 013 $a127759 020 $a3-7278-1545-0 020 $a3-525-53013-7 040 $aSeMil$bita 100 1 $aHugo, Philippe <1970- >.$0(OLS)http://semarc/name/56525 245 10$aLes deux visages d'Élie :$btexte massorétique et Septante dans l'histoire la plus ancienne du texte de 1 Rois 17-18 /$cPhilippe Hugo. 260 $aGöttingen :$bVandenhoeck & Ruprecht,$ccopyr. 2006. 260 $aFribourg :$bAcademic Press,$ccopyr. 2006. 300 $aXXII, 389 p. :$btab. ;$c23 cm. 490 0 $aOrbis Biblicus et Orientalis ;$v217 500 $aContiene : Bibliographie. 650 4$aBibbia. Antico Testamento. 1 Re - Commentari, studi, critica, interpretazioni.$0(OLS)http://semarc/subject/25682 650 4$aBibbia - AT - Settanta - Commentari, studi, critica, interpretazioni.$0(OLS)http://semarc/subject/44858 830 0$aOrbis Biblicus et Orientalis ;$v217.$0(OLS)http://semarc/title/283 850 $aSeMil 852 $aSeMil$W1$xVenegono$y1$m2U VI 417$j227961$B102562$CSeMilBibl$Z2$F111368 $81 996 $6020$a3-7278-1545-0$9(OLS)http://semarc/number/139862 996 $6020$a3-525-53013-7$9(OLS)http://semarc/number/139863 996 $6245$aLes deux visages d'Élie :$btexte massorétique et Septante dans l'histoire la plus ancienne du texte de 1 Rois 17-18$9(OLS)http://semarc/title/219966 996 $6260$aFribourg :$bAcademic Press$9(OLS)http://semarc/publisher/34196 996 $6260$aGöttingen :$bVandenhoeck & Ruprecht$9(OLS)http://semarc/publisher/29697